000 00889nam a22001577a 4500
999 _c523802
_d523802
008 230927b ||||| |||| 00| 0 eng d
100 _aBhatra, Robert Wilson
_944030
245 _aTransformation of intercommunity relations and origins of communal and ethnic violence in Kandhamal
260 _aSocial Action
300 _a73(2), Apr-Jun, 2023: p.190-200
520 _aPast-independent India at the village level, witnessed how the traditional forms of origination were changing and new power relations were established in Kandhamal. The panes and the Kondhs, who for some period of time were kept or the margins of society suddenly took control of the local village council by wining Panchyat election .- Reproduced
650 _aConversion, Marginalisation, Communal violence, Hindustan, Christianity.
_940868
773 _aSocial Action
906 _aVIOLENCE
942 _cAR